000 01170nam a2200301 a 4500
001 ebr10662610
003 CaPaEBR
006 m u
007 cr cn|||||||||
008 130306s2013 nju s 001 0 eng d
020 _z9781118550557 (pbk.)
020 _z9781118611371 (e-book)
040 _aCaPaEBR
_cCaPaEBR
035 _a(OCoLC)828941630
050 1 4 _aPN4731
_b.A88 2013eb
245 0 0 _aAttacks on the press
_h[electronic resource] :
_bjournalism on the world's front lines /
_cCommittee to Protect Journalists ; [edition editor, Lew Serviss].
250 _a2013 ed.
260 _aHoboken, N.J. :
_bWiley,
_c2013.
300 _axii, 285 p.
500 _aIncludes index.
533 _aElectronic reproduction.
_bPalo Alto, Calif. :
_cebrary,
_d2013.
_nAvailable via World Wide Web.
_nAccess may be limited to ebrary affiliated libraries.
650 0 _aJournalism.
655 7 _aElectronic books.
_2local
700 1 _aServiss, Lew.
710 2 _aCommittee to Protect Journalists.
710 2 _aebrary, Inc.
856 4 0 _uhttp://site.ebrary.com/lib/rucke/Doc?id=10662610
_zAn electronic book accessible through the World Wide Web; click to view
999 _c69944
_d69944